Nalaganje...

Le Corbusier and the power of photography/

Bibliografske podrobnosti
Drugi avtorji: Nathalie Herschdorfer (ed.), Lada Umstatter (ed.)
Format: Printed Book
Izdano: China: Thames & Hudson,
Teme:
LEADER 00625nam a22001697a 4500
020 |a 9780500544228 
082 |a 770.92  |b NAT/L 
245 |a Le Corbusier and the power of photography/  |c by Nathalie Herschdorfer (ed.) and Lada Umstatter (ed.) 
260 |a China:  |b Thames & Hudson,  |c   
300 |a 256p. 
650 |a Photography  |9 40264 
650 |a Arts  |9 40265 
700 |a Nathalie Herschdorfer (ed.)   |9 40266 
700 |a Lada Umstatter (ed.)  |9 40267 
942 |c BK 
999 |c 70984  |d 70984 
952 |0 0  |1 0  |4 0  |6 770_920000000000000_NAT_L  |7 0  |9 91582  |a SSUS  |b SSUS  |c REF  |d 2018-04-10  |g 2742.40  |o 770.92 NAT/L  |p 088599  |r 2018-04-10  |w 2018-04-10  |y REF